Jena 99: (Record no. 10198)
[ view plain ]
| 000 -LEADER | |
|---|---|
| fixed length control field | 00692nam a22002177a 4500 |
| 090 ## - LOCALLY ASSIGNED LC-TYPE CALL NUMBER (OCLC); LOCAL CALL NUMBER (OCLC) | |
| -- | 10198 |
| 008 - FIXED-LENGTH DATA ELEMENTS--GENERAL INFORMATION | |
| fixed length control field | 080925t xxu||||| |||| 00| 0 eng d |
| 020 ## - INTERNATIONAL STANDARD BOOK NUMBER | |
| International Standard Book Number | 11675357 |
| 082 ## - DEWEY DECIMAL CLASSIFICATION NUMBER | |
| Edition number | 22 |
| Classification number | 530 |
| Item number | EUR |
| 110 ## - MAIN ENTRY--CORPORATE NAME | |
| 9 (RLIN) | 565 |
| Corporate name or jurisdiction name as entry element | European Optical Society. |
| 245 ## - TITLE STATEMENT | |
| Title | Jena 99: |
| Remainder of title | Diffractive Optics,V.12 / |
| Statement of responsibility, etc | European Optical Society. |
| 260 ## - | |
| -- | Jena, Germany: |
| -- | European Optical Society, |
| -- | c.1999. |
| 300 ## - PHYSICAL DESCRIPTION | |
| Extent | 291p: |
| Other physical details | ill; |
| Dimensions | 31cm. |
| 336 ## - CONTENT TYPE | |
| Source | rdacontent |
| Content type term | text |
| Content type code | txt |
| 337 ## - MEDIA TYPE | |
| Media type term | unmediated |
| Source | rdamedia |
| Media type code | n |
| 338 ## - CARRIER TYPE | |
| Carrier type term | volume |
| Carrier type code | nc |
| Source | rdacarrier |
| 440 ## - | |
| -- | 569 |
| -- | Topical Meetings Digest Series. |
| -- | V.22. |
| 500 ## - GENERAL NOTE | |
| General note | Includes Index. |
| 650 ## - SUBJECT ADDED ENTRY--TOPICAL TERM | |
| 9 (RLIN) | 570 |
| Topical term or geographic name as entry element | Physics |
| 942 ## - ADDED ENTRY ELEMENTS (KOHA) | |
| Source of classification or shelving scheme | Dewey Decimal Classification |
| Koha item type | Book - Borrowing |
| Classification part | RDA-MOD |
| Withdrawn status | Lost status | Source of classification or shelving scheme | Damaged status | Not for loan | Home library | Current library | Shelving location | Date acquired | Source of acquisition | Total Checkouts | Full call number | Barcode | Date last seen | Price effective from | Koha item type |
|---|---|---|---|---|---|---|---|---|---|---|---|---|---|---|---|
| Dewey Decimal Classification | Central Library | Central Library | First floor | 28/09/2008 | Purchase | 530 EUR | 000013938 | 15/07/2025 | 28/09/2008 | Book - Borrowing |